000
00321nam a22001217a 4500
999
_c
9548
_d
9548
003
OSt
008
201209b ||||| |||| 00| 0 eng d
245
_a
Proceedings Mathematical Sciences
250
_a
2017(Jun Vol.127 No.3, Nov Vol.127 No.5)
260
_a
Bengaluru
_b
Springer
650
_a
Applied Science
942
_2
ddc
_c
BV